00369nam a2200097Ia 4500008004100000082002200041100001800063245003700081260003000118650012300148211119s9999||||xx |||||||||||||| ||und|| a894.812 3 bPAD-P aPadmarajan, P 0aPadmarajante Kathakal Sampoornam bD c BooksaKottayamc2009 a Literature & rhetoricvLiteratures of other languagesAltaic, Uralic, Hyperborean & Dravidian MalayalamxGeneral stack